000 00419pam a2200145a 44500
008 230405s2017 xxu||||| |||| 00| 0 eng d
041 _aENG
100 _aRANGASWAMI R
245 _aTEXTBOOK OF AGRICULTURAL STATISTIES
250 _a1995 Ed.
260 _aNew Delhi
_bNew Age International (P) LTD., Publishers
_c2017
300 _a498p.
440 _aUNIVERSAL BOOK STOLL, PUNE, B-142, DT-16/09/2003
906 _a479
999 _c289357
_d289357